000 00498nam a2200169Ia 4500
003 IN-BaIIA
008 211028s9999 xx 000 0 eng d
040 _cIIA Library
080 _a550.38
_bFIS
100 _aFisk, H. W.
_9542
245 0 _aLand magnetic and electric observations 1918-1926
_bvol. VI
_cH. W. Fisk
260 _aWashington, D C
_bThe Carnegie Institution
_c1927
300 _a524p.
650 _aAstronomy and Astrophysics Thesaurus
650 _aMagnetoelectrism
_9543
942 _cBK
999 _c280
_d280